00770cam a2200205 a 4500020002600000040000800026082002600034100001900060245003700079260006400116300003400180650002600214650002400240700002300264856006300287856005500350942000700405999001700412952013500429 a0521551447 (hardback) cDLC00a519 CAM 1997 A109 Or.1 aKantz, Holger,10aNonlinear time series analysis / aCambridge ;aNew York :bCambridge University Press,c1997. axvi, 304 p. :bill. ;c26 cm. 0aTime-series analysis. 0aNonlinear theories.1 aSchreiber, Thomas,42uhttp://www.loc.gov/catdir/description/cam028/96037159.html41uhttp://www.loc.gov/catdir/toc/cam021/96037159.html cEK c16596d16596 0010406519_000000000000000_CAM_1997_A008_OR70971465aLBAbLBAcA008d2018-03-12o519 CAM 1997 A008 Or.pA20977r2018-03-12yEK